Loading...
Literature - World/Other Literature | 0 | 11 | 0 | 1 | 110 | 46 | 88.64 | 3 | 5 |
Literature - European Literature | 0 | 11 | 0 | 0 | 110 | 57 | 85.91 | 1 | 7 |
Literature - American Literature | 0 | 9 | 1 | 0 | 85 | 58 | 91.67 | 1 | 6 |
Fine Arts - Classical Music | 0 | 8 | 1 | 1 | 75 | 60 | 89.88 | 3 | 6 |
Literature - British Literature | 0 | 8 | 1 | 1 | 75 | 64 | 89.25 | 1 | 6 |
History - American History | 0 | 4 | 0 | 2 | 40 | 96 | 112.50 | 0 | 0 |
Science - Biology | 0 | 4 | 0 | 1 | 40 | 65 | 91.50 | 1 | 2 |
Science - Physics | 0 | 5 | 2 | 0 | 40 | 48 | 73.60 | 1 | 4 |
Religion | 0 | 5 | 3 | 2 | 35 | 58 | 99.40 | 0 | 2 |
Fine Arts - Visual Fine Arts | 0 | 4 | 1 | 2 | 35 | 66 | 101.25 | 0 | 2 |
Mythology | 0 | 3 | 0 | 0 | 30 | 30 | 57.67 | 0 | 1 |
Science - Other Science | 0 | 3 | 0 | 1 | 30 | 99 | 104.00 | 0 | 2 |
Philosophy | 0 | 5 | 4 | 0 | 30 | 65 | 96.60 | 1 | 3 |
Fine Arts - Other Fine Arts | 0 | 3 | 1 | 0 | 25 | 88 | 117.67 | 0 | 2 |
History - Other History | 0 | 2 | 0 | 0 | 20 | 57 | 57.00 | 0 | 0 |
Social Science | 0 | 2 | 1 | 1 | 15 | 99 | 104.50 | 0 | 1 |
History - European History | 0 | 1 | 1 | 0 | 5 | 91 | 91.00 | 0 | 0 |
Other Academic | 0 | 0 | 0 | 0 | 0 | 0.00 | 0 | 0 | |
Science - Chemistry | 0 | 0 | 1 | 0 | -5 | 0.00 | 0 | 0 |